New Testament evangelism campaign guide and handbook. (Record no. 10992)

000 -LEADER
fixed length control field 00551nam a2200181 a 4500
001 - CONTROL NUMBER
control field :::00008785$&:&@@
003 - CONTROL NUMBER IDENTIFIER
control field OkBaRHE
005 - DATE AND TIME OF LATEST TRANSACTION
control field 20000607103346.0
008 - FIXED-LENGTH DATA ELEMENTS--GENERAL INFORMATION
fixed length control field s1941 j 000 0 eng u
040 ## - CATALOGING SOURCE
Transcribing agency
100 1# - MAIN ENTRY--PERSONAL NAME
Personal name Sharp, C. J.
245 10 - TITLE STATEMENT
Title New Testament evangelism campaign guide and handbook.
260 ## - PUBLICATION, DISTRIBUTION, ETC. (IMPRINT)
Place of publication, distribution, etc Cincinnati, OH., :
Name of publisher, distributor, etc Standard Publishing Company
Date of publication, distribution, etc 1941
300 ## - PHYSICAL DESCRIPTION
Extent 189 p.
650 ## - SUBJECT ADDED ENTRY--TOPICAL TERM
Topical term or geographic name as entry element Evangelism
942 ## - ADDED ENTRY ELEMENTS (KOHA)
Source of classification or shelving scheme
Koha item type Books
Copies
Full call number Damaged status Shelving location Date acquired Withdrawn status Price effective from Not for loan Koha item type Barcode Copy number Source of classification or shelving scheme Lost status Date last seen Permanent Location
BV 3795 .S45 General Stacks2010-04-14 2010-04-14 Books87851  2010-04-14RHEMA Bible Training College